|
|
|
|
| LEADER |
01823nam a2200481 a 4500 |
| 001 |
nkc20122405724 |
| 003 |
CZ PrNK |
| 005 |
20130306103112.0 |
| 007 |
ta |
| 008 |
130205s2012 xr abcef 000 0dcze |
| 015 |
|
|
|a cnb002405724
|
| 020 |
|
|
|a 978-80-87387-16-0
|q (váz.)
|
| 035 |
|
|
|a (OCoLC)829660964
|
| 040 |
|
|
|a ABA001
|b cze
|
| 043 |
|
|
|a e-xr---
|b e-xr-jm
|2 czenas
|
| 072 |
|
7 |
|a 908(437)
|x Vlastivěda Česka a Slovenska
|2 Konspekt
|9 8
|
| 080 |
|
|
|a 94(437.322)
|2 MRF
|
| 080 |
|
|
|a 908(437.322)
|2 MRF
|
| 080 |
|
|
|a (048.8)
|2 MRF
|
| 080 |
|
|
|a (082.2)
|2 MRF
|
| 100 |
1 |
|
|a Šebesta, Vít
|7 jo2013745564
|4 aut
|
| 245 |
1 |
0 |
|a Sudoměřice :
|b dějiny obce /
|c Vít Šebesta
|
| 246 |
3 |
|
|a Dějiny obce Sudoměřice
|
| 250 |
|
|
|a Vyd. 1.
|
| 260 |
|
|
|a Břeclav :
|b Petr Brázda spolu s Obcí Sudoměřice,
|c 2012
|
| 300 |
|
|
|a 328 s. :
|b il. (některé barev.), mapy, portréty, plány, faksim. ;
|c 25 cm
|
| 500 |
|
|
|a Vydáno při příležitosti 750 let obce Sudoměřice
|
| 500 |
|
|
|a 400 výt.
|
| 504 |
|
|
|a Obsahuje bibliografii
|
| 651 |
|
7 |
|a Sudoměřice (Hodonín, Česko)
|7 ge459516
|x dějiny
|2 czenas
|
| 651 |
|
7 |
|a Sudoměřice (Hodonín, Česko)
|7 ge459516
|x vlastivěda
|2 czenas
|
| 651 |
|
9 |
|a Sudoměřice (Hodonín, Czechia)
|x history and geography
|2 eczenas
|
| 655 |
|
7 |
|a monografie
|7 fd132842
|2 czenas
|
| 655 |
|
7 |
|a jubilejní publikace
|7 fd131839
|2 czenas
|
| 655 |
|
9 |
|a monographs
|2 eczenas
|
| 655 |
|
9 |
|a jubilee books
|2 eczenas
|
| 910 |
2 |
|
|a BOA001
|b 2-1299.126
|
| 928 |
9 |
|
|a Obec Sudoměřice u Hodonína
|
| 990 |
|
|
|a BK
|
| 995 |
|
|
|a 01
|
| 991 |
|
|
|b 201302
|c NOV
|j 94(437.32) SUD
|e n
|
| 996 |
6 |
|
|b 2610537304
|c 2-1299.126
|l MZK
|r Sklad / do 1 hodiny
|n 4
|p p.v.
|w 001310602
|u 000010
|a 1
|e BOA001
|j MZK50
|s P
|
| 996 |
7 |
|
|b 2610537305
|c 2-1299.126
|l MZK
|r Sklad / do 1 hodiny
|n 4
|p p.v.
|w 001310602
|u 000020
|a 1
|e BOA001
|j MZK50
|s A
|